01020nam a2200265Ia 450000500170000000800410001702000180005804100080007608200160008410000250010024501720012525000390029730000610033649000180039765000320041565000330044765000400048065000400052070000380056026400330059833600270063133700330065833800280069104000350071920220317001721.0170306s2007 ck a g 000 0 spa  a9789583000218 aspa04a395.5bC17m1 aCarreño, Manuel A.10aManual de urbanidad y buenas manerasbde consulta indispensable para niños, jóvenes y adultoscManuel A. Carreño ; ilustraciones Juan Ramón Sierra Carrasquilla a1a. edición b13a. reimpresión a429 páginas bilustraciones en blanco y negro c21 cm  aParaeducativo142LEMBaEtiquetas xManuales 142LEMBaCortesía xManuales 142LEMBaUsos y costumbres xManuales 142LEMBaEtiqueta xAspectos sociales 1 aSierra Carrasquilla, Juan Ramón aBogotábPanamericanac2007 atextobtxt2rdacontent asin mediaciónbn2rdamedia avolumenbnc2rdacarrier aCO-BoRNBPbspaerdacCO-BoRNBP